Noem de veiligste steden van Spanje - Statistieken

Algemene statistieken
  • Deze quiz is 5 keer genomen
  • De gemiddelde score is 2 van 10
Antwoordstatistieken
Antwoord % Correct
Bilbao
80%
Salamanca
40%
Lugo
20%
Ourense
20%
Pontevedra
20%
Soria
20%
Zamora
20%
Albacete
0%
Ávila
0%
Palencia
0%
Geen overeenkomende quizzen gevonden
Scoreverdeling
Procent van Mensen met Elke Score
Percentiel versus Aantal Correcte Antwoorden
Uw Scoregeschiedenis
U heeft deze quiz nog niet genomen